<?xml version="1.0" encoding="UTF-8"?><?xml-stylesheet type="text/xsl" href="static/style.xsl"?><OAI-PMH xmlns="http://www.openarchives.org/OAI/2.0/" xmlns:xsi="http://www.w3.org/2001/XMLSchema-instance" xsi:schemaLocation="http://www.openarchives.org/OAI/2.0/ http://www.openarchives.org/OAI/2.0/OAI-PMH.xsd"><responseDate>2026-04-13T18:21:56Z</responseDate><request verb="GetRecord" identifier="oai:www.recercat.cat:2072/480456" metadataPrefix="marc">https://recercat.cat/oai/request</request><GetRecord><record><header><identifier>oai:recercat.cat:2072/480456</identifier><datestamp>2025-02-03T23:53:14Z</datestamp><setSpec>com_2072_98</setSpec><setSpec>col_2072_378192</setSpec></header><metadata><record xmlns="http://www.loc.gov/MARC21/slim" xmlns:dcterms="http://purl.org/dc/terms/" xmlns:xsi="http://www.w3.org/2001/XMLSchema-instance" xmlns:doc="http://www.lyncode.com/xoai" xsi:schemaLocation="http://www.loc.gov/MARC21/slim http://www.loc.gov/standards/marcxml/schema/MARC21slim.xsd">
   <leader>00925njm 22002777a 4500</leader>
   <datafield ind2=" " ind1=" " tag="042">
      <subfield code="a">dc</subfield>
   </datafield>
   <datafield ind2=" " ind1=" " tag="720">
      <subfield code="a">Giampietro, Mario</subfield>
      <subfield code="e">author</subfield>
   </datafield>
   <datafield ind2=" " ind1=" " tag="720">
      <subfield code="a">Funtowicz, Silvio O.</subfield>
      <subfield code="e">author</subfield>
   </datafield>
   <datafield ind2=" " ind1=" " tag="260">
      <subfield code="c">2020</subfield>
   </datafield>
   <datafield ind2=" " ind1=" " tag="520">
      <subfield code="a">Unidad de excelencia María de Maeztu CEX2019-000940-M</subfield>
   </datafield>
   <datafield ind2=" " ind1=" " tag="520">
      <subfield code="a">This paper explores the implications of the widespread success of the term circular economy in the institutional and public debate. The concept of circular economy in itself implies a logical contradiction: on the one hand, the concept acknowledges the dependence of the economy on biophysical flows; on the other hand, the proposed solution-a business model guaranteeing a full decoupling of the economy from natural resources-seemingly ignores that biophysical processes are subject to thermodynamic constraints. A biophysical view of the sustainability predicament-the flows exchanged between the technosphere and the biosphere - is depicted to show that the idea of a full decoupling is simply due to ignorance of the knowledge generated in (inter)disciplinary scientific fields other than the dominant economic one. The success of economics as an 'elite folk science' is explained by the need of the establishment to ignore uncomfortable knowledge that would destabilize existing institutions. The success of the term circular economy can be seen as an example of socially constructed ignorance in which folk tales are used to depoliticize the sustainability debate and to colonize the future through the endorsement of implausible socio-technical imaginaries. A strategy that can lead to an irresponsible management of expectation: implausible master narratives are impossible to govern. Rather than continuing to impose technocratic plans, as if we knew the optimal thing to do, Post-Normal Science suggests that it is much more effective and responsible to adopt a flexible management approach, exploring the ability of self-organization of social-ecological systems.</subfield>
   </datafield>
   <datafield ind1="8" ind2=" " tag="024">
      <subfield code="a">http://hdl.handle.net/2072/480456</subfield>
   </datafield>
   <datafield tag="653" ind2=" " ind1=" ">
      <subfield code="a">Circular economy</subfield>
   </datafield>
   <datafield tag="653" ind2=" " ind1=" ">
      <subfield code="a">Decoupling</subfield>
   </datafield>
   <datafield tag="653" ind2=" " ind1=" ">
      <subfield code="a">Life-support system</subfield>
   </datafield>
   <datafield tag="653" ind2=" " ind1=" ">
      <subfield code="a">Policy legend</subfield>
   </datafield>
   <datafield tag="653" ind2=" " ind1=" ">
      <subfield code="a">Post-Normal science</subfield>
   </datafield>
   <datafield tag="653" ind2=" " ind1=" ">
      <subfield code="a">Uncomfortable knowledge</subfield>
   </datafield>
   <datafield ind2="0" ind1="0" tag="245">
      <subfield code="a">From elite folk science to the policy legend of the circular economy</subfield>
   </datafield>
</record></metadata></record></GetRecord></OAI-PMH>